000 00241nam a2200097Ia 4500
001 647552
005 20250826153704.0
008 250824s9999 xx 000 0 und d
245 0 _aGelincik Diz/Uçan Motor
_cGülten Dayıoğlu
260 _bALTIN
999 _c647552
_d647552